000 00636nam a2200229 a 4500
005 20210219152850.0
008 991125n 000 0 spa u
035 _aUPN01000064053
100 1 _aBroitman, Claudia
222 0 _aEDUCACION EN LOS PRIMEROS AÑOS
245 0 0 _aAnálisis didáctico de los problemas involucrados en un juego de dados
260 _aBuenos Aires, Argentina
300 _a20-41
362 0 _a1998 Año 1, no. 2, jul.
653 0 _aEDUCACION INICIAL
653 0 _aENSEÑANZA
653 0 _aJARDIN DE NIÑOS
653 0 _aJUEGO
653 0 _aMATEMATICA
904 _aAC
_b001864
905 _aArticulo
999 _c62406
_d62406